000 00260nam a2200109Ia 4500
008 191201s2010 xx 000 0 und d
100 _aDIXIT, JB
245 0 _aMastering C++ Programs
250 _arep
260 _c2010
_bfirewall
_aNEW DELHI
942 _2ddc
_cBK
_08
999 _c7929
_d7929